Mayo Máscaras (Record no. 10301)

MARC details
000 -CABECERA
campo de control de longitud fija 01090nam a2200277 a 4500
001 - NÚMERO DE CONTROL
campo de control BRL_1491
005 - FECHA Y HORA DE LA ÚLTIMA TRANSACCIÓN
campo de control 20190320211231.0
008 - DATOS DE LONGITUD FIJA--INFORMACIÓN GENERAL
campo de control de longitud fija 270114s19uu----mx-ao#####---#000-0#spa-#
041 ## - CÓDIGO DE LENGUA
Código de lengua del texto/banda sonora o título independiente spa
044 ## - CÓDIGO DEL PAÍS DE LA ENTIDAD EDITORA/PRODUCTORA
Código MARC del país mx
050 #4 - SIGNATURA TOPOGRÁFICA DE LA BIBLIOTECA DEL CONGRESO
Número de clasificación F1221.M39
Número de documento/Ítem .M39 1900
245 10 - MENCIÓN DE TÍTULO
Título Mayo Máscaras
Mención de responsabilidad, etc. dibujos Alberto Beltrán ; fotógrafos Milosh Trnka [y] Oscar Torrero.
260 ## - PUBLICACIÓN, DISTRIBUCIÓN, ETC.
Lugar de publicación, distribución, etc. [Sinaloa]
Nombre del editor, distribuidor, etc. Gobierno del Estado de Sinaloa, Dirección de Investigación y Fomento de Cultura Regional
Fecha de publicación, distribución, etc. [19--]
300 ## - DESCRIPCIÓN FÍSICA
Extensión 43 p.
Otras características físicas il., fotografías (algunas a color)
Dimensiones 21 cm.
440 #0 - MENCIÓN DE SERIE/PUNTO DE ACCESO ADICIONAL--TÍTULO
Título Rescate y divulgación
9 (RLIN) 23231
500 ## - NOTA GENERAL
Nota general Au1742
500 ## - NOTA GENERAL
Nota general Estado físico: Ultimas hojas desprendidas.
505 0# - NOTA DE CONTENIDO CON FORMATO
Nota de contenido con formato Contenido: El hombre y la máscara / José Chávez Morado.- Las máscaras entre los indígenas mayos / Juan Manual Gómez y Mariangela Rodríguez.
650 14 - PUNTO DE ACCESO ADICIONAL DE MATERIA--TÉRMINO DE MATERIA
Término de materia o nombre geográfico como elemento de entrada Mayos
Subdivisión general Máscaras
9 (RLIN) 27080
650 14 - PUNTO DE ACCESO ADICIONAL DE MATERIA--TÉRMINO DE MATERIA
Término de materia o nombre geográfico como elemento de entrada Indigenas de México
Subdivisión general Máscaras
9 (RLIN) 27081
700 1# - PUNTO DE ACCESO ADICIONAL--NOMBRE DE PERSONA
Nombre de persona Beltrán, Alberto
Término indicativo de función/relación il.
9 (RLIN) 9572
700 1# - PUNTO DE ACCESO ADICIONAL--NOMBRE DE PERSONA
Nombre de persona Trnka, Milosh
Término indicativo de función/relación il.
9 (RLIN) 27082
700 1# - PUNTO DE ACCESO ADICIONAL--NOMBRE DE PERSONA
Nombre de persona Torrero, Oscar
Término indicativo de función/relación il.
9 (RLIN) 27083
902 ## - CATALOGADOR
Iniciales GRL
942 ## - ELEMENTOS DE PUNTO DE ACCESO ADICIONAL (KOHA)
Fuente del sistema de clasificación o colocación Library of Congress Classification
Tipo de ítem Koha Libros
Holdings
Estado de retiro Estado de pérdida Estado dañado No para préstamo Localización permanente Ubicación/localización actual Fecha de adquisición Número de inventario Total de préstamos Signatura topográfica completa Código de barras Fecha visto por última vez Precio válido a partir de Tipo de ítem Koha
El ejemplar forma parte de la colección y puede ser consultado según las políticas vigentes.       Biblioteca Centro de Estudios Ruth D. Lechuga Biblioteca Centro de Estudios Ruth D. Lechuga 27/01/2014 Au1742   F1221.M39 .M39 1900 (Au1742) GRL01650 22/03/2019 22/03/2019 Libros